| 000 | 00364nam a2200145Ia 4500 | ||
|---|---|---|---|
| 008 | 150201s2009 xx 000 0 und d | ||
| 082 |
_a610.7 _bF09A |
||
| 100 | _aARCHER, ELIZABETH A. | ||
| 245 | _aFUNDAMENTALS OF NURSING: MADE INCREDIBLY EASY | ||
| 250 | _a1ST | ||
| 260 |
_bLIPPINCOTT _aINDIA _c2009 |
||
| 300 | _a660 | ||
| 650 | _aNURSING | ||
| 942 |
_2ddc _cBK _05 |
||
| 999 |
_c2352 _d2352 |
||